| 000 | 00428cam a2200181ua 4500 | ||
|---|---|---|---|
| 020 | _c.75 | ||
| 041 |
_amal _h |
||
| 082 |
_a894.812301 _bPAR/KE |
||
| 100 | _aParameswaran Nair, M . | ||
| 245 |
_aKettuthali / _cM Parameswaran nair. _hTextual Documents |
||
| 250 |
_a1 / _b. |
||
| 260 |
_a : _bM Parameswaran Nair , _c1963. |
||
| 300 | _a48 ; . | ||
| 365 | _a.75 | ||
| 504 | _a | ||
| 942 | _cBK | ||
| 999 |
_c12591 _d12591 |
||